000 00704cam a2200253 4500
001 M1746
008 090401t xxu||||| |||| 00| 0 eng d
035 _a(Sirsi) u34181
041 _aeng
050 _a346.410432
090 _aRICS 1994/93ABC
110 _aRoyal Institution of Chartered Surveyors
_94900
245 _aBoundary problems and your home: a guide on how to avoid or resolve disputes.
260 _aLondon
_bRICS
_c1994?
300 _a1 folded sheet ; 21cm.
350 _a0
650 _aBoundary disputes
_96221
650 _aBoundary disputes
_96221
650 _aBOUNDARY SURVEYS
650 _aRESIDENTIAL PROPERTY
_96266
690 _aLAND
942 _n0
948 _c04/03/1997
999 _c89916
_d89916